El binomio degeneración regeneración en las élites intelectuales espirtualistas de principios de siglo XX en Centroamérica
Analiza el impacto de las teorías degeneracionistas y regeneracionistas en América Latina, especialmente en Guatemala, enfatiza el desplazamiento conceptual que se produce en las élites intelectuales en relación al concepto de raza, cultura, etnia y regneración.
Spremljeno u:
| Glavni autor: | |
|---|---|
| Format: | Nepoznato |
| Izdano: |
Madrid:
Universidad Complutense,
|
| Teme: | |
| Oznake: |
Dodaj oznaku
Bez oznaka, Budi prvi tko označuje ovaj zapis!
|
MARC
| LEADER | 000000000a22000000004500 | ||
|---|---|---|---|
| 001 | 000406 | ||
| 022 | |a 1132-8312 | ||
| 041 | 0 | |a español | |
| 100 | 1 | |a Casaús Arzú, Marta | |
| 245 | 1 | 0 | |a El binomio degeneración regeneración en las élites intelectuales espirtualistas de principios de siglo XX en Centroamérica |
| 260 | |a Madrid: |b Universidad Complutense, | ||
| 500 | |a Dirección de MartaCasaús Arz: mcasaus@uam.es | ||
| 520 | |a Analiza el impacto de las teorías degeneracionistas y regeneracionistas en América Latina, especialmente en Guatemala, enfatiza el desplazamiento conceptual que se produce en las élites intelectuales en relación al concepto de raza, cultura, etnia y regneración. | ||
| 650 | 4 | |a INDIGENAS | |
| 650 | 4 | |a GUATEMALA | |
| 650 | 4 | |a REGENERACION | |
| 773 | 0 | |t Revista Complutense de Historia de América | |
| 773 | 0 | |g 35 | |
| 773 | 0 | |g 2009 | |
| 773 | 0 | |g 109-133 | |
| 999 | |c 886 |d 886 | ||
